| 000 | 00726cam a2200253u 4500 | ||
|---|---|---|---|
| 001 | 33250 | ||
| 003 | BD-RjUL | ||
| 005 | 20211209051955.0 | ||
| 008 | 140430s1962 nyua 000 0 eng | ||
| 035 | _a(BD-RjUL)33341 | ||
| 040 |
_aDLC _cCarP _dBD-RjUL _beng |
||
| 041 | _aeng | ||
| 082 |
_a301 _bYOS 1962 |
||
| 100 | 1 |
_aYoung, Kimball, _d1893-1972. _989927 |
|
| 245 | 1 | 0 |
_aSociology and social life / _cKimball Young and Raymond W. Mack. |
| 250 | _a2nd ed. | ||
| 260 |
_aNew York, _bAmerican Book Co. _c1962 |
||
| 300 |
_axi, 510 p. : _billus. ; _c24 cm. |
||
| 650 | 0 |
_aSociology. _9100965 |
|
| 700 | 1 |
_aMack, Raymond W., _ejoint author. _9100966 |
|
| 942 |
_2ddc _cBK |
||
| 999 |
_c33250 _d33250 |
||